000 00956nam a2200289Ia 4500
001 Para_9034
003 CHAP
008 220125s2005 xx 000 0 und d
010 _a207812
040 _cCHAP
090 _aPA TESIS 1902
100 _aVilla Briones, Azucena Ma. de los Ángeles
_9119347
245 _aEfecto de la vermicomposta en el impacto de Nacobbus aberrans en jitomate /
_c por Azucena Ma. de los Ángeles Villa Briones
260 _aChapingo, Méx. :
_b el autor
300 _a57 h. + anexos
502 _aTesis (M.C. Protección Vegetal) UACh. Departamento Parasitología Agrícola
650 _aNacobbus aberrans
_980022
650 _aTomate
_x plagas
_9113748
710 _aUACh. Departamento Parasitología Agrícola
_9164025
901 _aPA TESIS 1902
902 _aA
905 _a0000002005 n 0000000000 00
910 _a2005
942 _cPARA
942 _cPARA
_d1
999 _c207812
_d207812